01018cam a2200289 a 4500999001900000001000900019003000500028005001700033008004100050010001700091020001500108040001800123050002000141082001200161100005700173245004500230250001200275260003500287300004500322500002000367650001700387856008700404856007500491906004500566942001200611952010500623 c478316d47831613403326NUST20180521063532.0031114s2005 maua 001 0 eng  a 2003067466 a0072875879 aDLCcDLCdDLC00aBC61b.L28 200500a1602221 aLayman, C. Stephenq(Charles Stephen),d1950-91040014aThe power of logic /cC. Stephen Layman. a3rd ed. aBoston :bMcGraw-Hill,cc2005. aix, 598 p. :bill. (some col.) ;c24 cm. aIncludes index. 0aLogic.93562423Publisher descriptionuhttp://www.loc.gov/catdir/description/mh051/2003067466.html413Table of contentsuhttp://www.loc.gov/catdir/toc/mh041/2003067466.html a7bcbccorignewd1eocipf20gy-gencatlg 2ddccBK 00102ddc4070aSNSbSNSd2018-05-21l2m1o160pSNS0002437r2025-12-17s2025-10-16w2018-05-21yBK